000 00578 a2200205 4500
005 20260105111130.0
008 260105b |||||||| |||| 00| 0 eng d
020 _a9789349202986
_cRs. 550.00
040 _aMAIN
082 _a305.9082
_bJ318B
100 _aJaat, Kamlesh
245 _aBadhir sanskrit, itihas, pahchan or sanketik bhasha
260 _bV R Book International
_c2025
_aNew Delhi
300 _ax, 142
650 _aSocial Groups
650 _aGroups by Physical Condition
650 _aDeaf Community
700 _aJaat, Parveen Kumar, ed.
942 _cBK
999 _c393823
_d393823